Music Quiz

Random Music or Lyrics Quiz

'More Than' a Lyrics Quiz Stats

 Plays Quiz Updated Apr 14, 2016

Challenge
Share
Tweet
Embed
Score 0/24 Timer 06:00
4 Plays Today
% Correct
ever
94.5%
friends
88.1%
boy
85.7%
glance
82.6%
ghoul
78.3%
feeling
76.8%
love
74.7%
face
74.1%
woman
68%
twice
67.4%
share
65.6%
time
63.4%
% Correct
I
61.8%
words
60.9%
enough
59.7%
steering wheel
57.7%
kind
57.6%
lot
56.4%
dance
49.4%
touch
49.2%
that
47.4%
this
44.5%
her
41.8%
right
39.4%

You're not logged in!

Compare scores with friends on all Sporcle quizzes.
OR
Log In

You Might Also Like...

Show Comments

Extras

Top Quizzes Today


Score Distribution

Your Account Isn't Verified!

In order to create a playlist on Sporcle, you need to verify the email address you used during registration. Go to your Sporcle Settings to finish the process.

Report this User

Report this user for behavior that violates our Community Guidelines.

Details: